000 00735nam a2200253Ia 4500
003 OSt
005 20221005040952.0
006 a|||||r|||| 00| 0
007 ta
008 221004b |||||||| |||| 00| 0 eng d
020 _a0195641019 (hbk)
024 _a122355
037 _bGift, 27/10/2012,
_cTextual
040 _aCRL
_cCRL
_beng
041 _2eng
_aeng
082 _aY131.2, N7
100 _aGupta Dipankar
245 0 _aRivalry and brotherhood
_b Politics in the life of farmers in Northern India
260 _aDelhi
_bOxford University Press
_c1997
300 _a218p.
_ccm.
650 _aSOCIOLOGY
942 _hY131.2, N7
_cTEXL
_2cc
999 _c947753
_d947753